Escribir del 1-67 números en 67 segundos - Estadísticas

Estadísticas generales
  • Esta prueba ha sido intentada 41 veces
  • La puntuación promedio es 63 de 67
Estadísticas de respuestas
Numbers % Correcto
1
97%
2
97%
3
97%
6
97%
7
97%
10
94%
11
94%
12
94%
13
94%
14
94%
15
94%
16
94%
17
94%
18
94%
19
94%
20
94%
21
94%
22
94%
23
94%
24
94%
25
94%
26
94%
27
94%
28
94%
29
94%
30
94%
31
94%
32
94%
33
94%
34
94%
35
94%
36
94%
37
94%
38
94%
39
94%
4
94%
40
94%
41
94%
42
94%
43
94%
44
94%
45
94%
46
94%
47
94%
48
94%
49
94%
5
94%
50
94%
51
94%
52
94%
53
94%
54
94%
55
94%
56
94%
57
94%
58
94%
59
94%
61
94%
62
94%
63
94%
64
94%
65
94%
66
94%
67
94%
8
94%
9
94%
60
91%
No se encontraron pruebas coincidentes
Distribución de puntuación
Porcentaje de gente con cada puntuación
Porcentaje por número respondido
Historial de tus puntuaciones
No has intentado esta prueba.